[Event "Championship Moscow 2015 Seniors rapid"]
[Site "?"]
[Date "2015.11.29"]
[Round "6.10"]
[White "Kachar, Vladimir"]
[Black "Melikidze, Shota"]
[Result "1-0"]
[BlackElo "2115"]
[WhiteElo "2237"]
[LiveChessVersion "1.4.6"]

1. Nf3 {[%clk 0:10:09]} g5 {[%clk 0:10:09]} 2. Nxg5 {[%clk 0:10:09]} e5
{[%clk 0:10:14]} 3. d3 {[%clk 0:09:56]} Be7 {[%clk 0:10:17]} 4. Nf3
{[%clk 0:09:59]} Nc6 {[%clk 0:10:16]} 5. e4 {[%clk 0:09:51]} d6 {[%clk 0:10:01]}
6. Nc3 {[%clk 0:09:54]} Be6 {[%clk 0:09:39]} 7. Nd5 {[%clk 0:09:39]} Bxd5
{[%clk 0:08:52]} 8. exd5 {[%clk 0:09:42]} Nd4 {[%clk 0:08:14]} 9. Be3
{[%clk 0:08:55]} Nf5 {[%clk 0:07:59]} 10. Bd2 {[%clk 0:08:47]} Nf6
{[%clk 0:07:44]} 11. c4 {[%clk 0:08:32]} Rg8 {[%clk 0:07:27]} 12. g3
{[%clk 0:08:34]} Qd7 {[%clk 0:07:01]} 13. Bh3 {[%clk 0:08:14]} h5
{[%clk 0:07:04]} 14. Nh4 {[%clk 0:07:43]} Ng4 {[%clk 0:06:40]} 15. Nxf5
{[%clk 0:07:45]} Qxf5 {[%clk 0:06:38]} 16. f3 {[%clk 0:07:47]} Qxd3
{[%clk 0:06:01]} 17. fxg4 {[%clk 0:07:51]} Qe4+ {[%clk 0:05:21]} 18. Kf2
{[%clk 0:07:54]} hxg4 {[%clk 0:04:51]} 19. Bg2 {[%clk 0:07:49]} Qxc4
{[%clk 0:03:36]} 20. Qe2 {[%clk 0:07:25]} Qc2 {[%clk 0:02:40]} 21. Be4
{[%clk 0:06:51]} Qxb2 {[%clk 0:02:05]} 22. Rhb1 {[%clk 0:04:57]} Qd4+
{[%clk 0:02:09]} 23. Qe3 {[%clk 0:05:00]} Qxe3+ {[%clk 0:01:59]} 24. Bxe3
{[%clk 0:05:03]} f5 {[%clk 0:01:38]} 25. Bd3 {[%clk 0:04:50]} f4 {[%clk 0:00:50]}
26. gxf4 {[%clk 0:03:31]} exf4 {[%clk 0:00:51]} 27. Bxf4 {[%clk 0:03:33]} O-O-O
{[%clk 0:00:40]} 28. Rf1 {[%clk 0:03:07]} Bh4+ {[%clk 0:00:27]} 29. Kg2
{[%clk 0:03:10]} Bf6 {[%clk 0:00:30]} 30. Rae1 {[%clk 0:03:10]} Bd4
{[%clk 0:00:28]} 31. Re7 {[%clk 0:03:07]} Rdf8 {[%clk 0:00:25]} 32. Bg3
{[%clk 0:03:03]} Rxf1 33. Kxf1 {[%clk 0:03:06]} a6 {[%clk 0:00:21]} 34. Kg2
{[%clk 0:02:38]} b5 {[%clk 0:00:25]} 35. Bf5+ {[%clk 0:02:39]} Kb7
{[%clk 0:00:28]} 36. Bxd6 {[%clk 0:02:35]} Bb6 {[%clk 0:00:19]} 37. Bxc7
{[%clk 0:02:30]} Bxc7 {[%clk 0:00:17]} 38. d6 {[%clk 0:02:34]} Rf8
{[%clk 0:00:07]} 39. Bxg4 1-0

[Event "Championship Moscow 2015 Seniors rapid"]
[Site "?"]
[Date "2015.11.29"]
[Round "6.11"]
[White "Piatin, Oleg"]
[Black "Skorodumov, Vladimir"]
[Result "0-1"]
[BlackElo "2234"]
[WhiteElo "2092"]
[LiveChessVersion "1.4.6"]

1. e4 {[%clk 0:10:09]} c5 {[%clk 0:10:09]} 2. Nf3 {[%clk 0:10:12]} g6
{[%clk 0:10:13]} 3. d4 {[%clk 0:10:16]} cxd4 {[%clk 0:10:17]} 4. Qxd4 Nf6 5. Nc3
{[%clk 0:10:22]} Nc6 {[%clk 0:10:23]} 6. Qa4 {[%clk 0:10:26]} d6 {[%clk 0:10:25]}
7. e5 {[%clk 0:10:29]} dxe5 {[%clk 0:10:29]} 8. Nxe5 {[%clk 0:10:16]} Bd7
{[%clk 0:10:34]} 9. Nxd7 {[%clk 0:10:08]} Qxd7 {[%clk 0:10:38]} 10. Bb5
{[%clk 0:08:37]} Bg7 {[%clk 0:10:36]} 11. O-O {[%clk 0:08:27]} O-O
{[%clk 0:10:39]} 12. Bf4 {[%clk 0:07:01]} a6 {[%clk 0:08:47]} 13. Bxc6
{[%clk 0:06:55]} bxc6 {[%clk 0:08:51]} 14. Rad1 {[%clk 0:06:43]} Qf5
{[%clk 0:08:55]} 15. Bg3 {[%clk 0:05:57]} Nd5 {[%clk 0:08:51]} 16. Qxc6
{[%clk 0:04:14]} Nxc3 {[%clk 0:08:53]} 17. bxc3 {[%clk 0:03:53]} Qxc2
{[%clk 0:08:48]} 18. c4 {[%clk 0:02:14]} Rfc8 {[%clk 0:08:01]} 19. Rc1
{[%clk 0:01:34]} Rxc6 {[%clk 0:07:27]} 20. Rxc2 Rac8 21. Rfc1 {[%clk 0:01:37]}
Bh6 {[%clk 0:07:31]} 22. f4 {[%clk 0:01:11]} g5 {[%clk 0:07:29]} 23. f5
{[%clk 0:00:56]} Rc5 {[%clk 0:05:34]} 24. Re1 {[%clk 0:00:49]} Rxf5
{[%clk 0:04:57]} 25. Rxe7 Bf8 {[%clk 0:04:45]} 26. Re4 {[%clk 0:00:38]} Rd8
{[%clk 0:02:23]} 27. h3 {[%clk 0:00:20]} Bc5+ {[%clk 0:02:16]} 28. Kh2
{[%clk 0:00:16]} Rd1 {[%clk 0:02:20]} 29. Be5 {[%clk 0:00:07]} Rxe5
{[%clk 0:02:15]} 30. Rxe5 Bd6 31. Rce2 {[%clk 0:00:10]} f6 {[%clk 0:02:24]} 32.
g4 {[%clk 0:00:10]} Bxe5+ {[%clk 0:02:27]} 33. Kg2 {[%clk 0:00:15]} Rc1
{[%clk 0:02:31]} 34. Kf3 {[%clk 0:00:18]} Rxc4 {[%clk 0:02:35]} 35. Rd2
{[%clk 0:00:21]} Rf4+ {[%clk 0:02:35]} 36. Ke3 {[%clk 0:00:24]} Ra4
{[%clk 0:02:38]} 37. Rd8+ {[%clk 0:00:26]} Kg7 {[%clk 0:02:41]} 38. Rd7+
{[%clk 0:00:30]} Kg6 {[%clk 0:02:45]} 39. Rb7 {[%clk 0:00:34]} Rxa2
{[%clk 0:02:48]} 40. Ke4 {[%clk 0:00:38]} Ra4+ {[%clk 0:02:52]} 41. Kd5
{[%clk 0:00:42]} Ra3 {[%clk 0:02:46]} 42. Ra7 {[%clk 0:00:42]} a5
{[%clk 0:02:46]} 43. Ke6 {[%clk 0:00:45]} Re3 {[%clk 0:02:48]} 44. Kd5
{[%clk 0:00:48]} Bc3 {[%clk 0:02:51]} 0-1

[Event "Championship Moscow 2015 Seniors rapid"]
[Site "?"]
[Date "2015.11.29"]
[Round "6.12"]
[White "Hait, Alexander"]
[Black "Korolev, Evgeniy"]
[Result "1-0"]
[BlackElo "2057"]
[WhiteElo "2218"]
[LiveChessVersion "1.4.6"]

1. e4 {[%clk 0:10:07]} c5 {[%clk 0:10:09]} 2. Nf3 {[%clk 0:10:10]} Nc6
{[%clk 0:10:11]} 3. d4 {[%clk 0:10:14]} cxd4 {[%clk 0:10:13]} 4. Nxd4
{[%clk 0:10:19]} e6 {[%clk 0:10:14]} 5. Nc3 {[%clk 0:10:23]} Qc7 {[%clk 0:10:08]}
6. Be3 {[%clk 0:10:23]} a6 {[%clk 0:10:05]} 7. Qd2 {[%clk 0:10:23]} b5
{[%clk 0:09:42]} 8. f3 {[%clk 0:09:02]} Nf6 {[%clk 0:09:41]} 9. O-O-O
{[%clk 0:08:56]} Bb7 {[%clk 0:09:23]} 10. Nxc6 {[%clk 0:08:55]} Bxc6
{[%clk 0:09:23]} 11. Bf4 {[%clk 0:08:34]} Qb7 {[%clk 0:08:36]} 12. Bd6
{[%clk 0:08:36]} Bxd6 {[%clk 0:07:52]} 13. Qxd6 {[%clk 0:08:39]} Qb8
{[%clk 0:07:29]} 14. Qd4 {[%clk 0:08:13]} Qa7 {[%clk 0:07:29]} 15. Qd6
{[%clk 0:07:39]} Qb8 {[%clk 0:07:32]} 16. Qc5 {[%clk 0:07:42]} Qa7
{[%clk 0:07:31]} 17. Qd6 {[%clk 0:07:43]} Qb8 {[%clk 0:07:33]} 18. Qd4
{[%clk 0:07:44]} Qa7 {[%clk 0:07:32]} 19. Qd6 {[%clk 0:07:44]} Qb8
{[%clk 0:07:35]} 20. Qd2 {[%clk 0:07:46]} O-O {[%clk 0:07:29]} 21. g4
{[%clk 0:07:49]} b4 {[%clk 0:07:08]} 22. Ne2 {[%clk 0:07:52]} d5 {[%clk 0:06:16]}
23. Nd4 {[%clk 0:07:46]} Bb7 {[%clk 0:05:03]} 24. g5 {[%clk 0:07:18]} Nh5
{[%clk 0:05:06]} 25. Bd3 {[%clk 0:07:11]} dxe4 {[%clk 0:04:53]} 26. fxe4
{[%clk 0:07:05]} Qf4 {[%clk 0:04:05]} 27. Rhf1 {[%clk 0:06:57]} Qxd2+
{[%clk 0:04:04]} 28. Kxd2 {[%clk 0:06:24]} Rad8 {[%clk 0:03:37]} 29. Ke3
{[%clk 0:06:28]} e5 {[%clk 0:03:25]} 30. Nf5 {[%clk 0:06:28]} Nf4
{[%clk 0:03:19]} 31. Bc4 {[%clk 0:06:00]} Bc8 {[%clk 0:01:57]} 32. Ne7+
{[%clk 0:05:45]} Kh8 {[%clk 0:02:01]} 33. Nc6 {[%clk 0:04:42]} Rde8
{[%clk 0:01:15]} 34. Nxe5 {[%clk 0:03:23]} Ng2+ {[%clk 0:01:19]} 35. Kd4
{[%clk 0:03:28]} Rxe5 {[%clk 0:00:57]} 36. Kxe5 {[%clk 0:03:31]} Ne3
{[%clk 0:01:01]} 37. Bb3 {[%clk 0:01:32]} Nxd1 {[%clk 0:00:48]} 38. Rxd1
{[%clk 0:01:36]} f6+ {[%clk 0:00:48]} 39. gxf6 {[%clk 0:01:36]} gxf6+
{[%clk 0:00:52]} 40. Kf4 {[%clk 0:01:39]} Re8 {[%clk 0:00:32]} 41. h4
{[%clk 0:01:30]} Bb7 {[%clk 0:00:31]} 42. Rd4 {[%clk 0:01:27]} a5
{[%clk 0:00:29]} 43. Kf5 {[%clk 0:01:22]} Bc6 {[%clk 0:00:16]} 44. Kxf6
{[%clk 0:01:17]} Bxe4 {[%clk 0:00:12]} 45. Bf7 {[%clk 0:01:12]} 1-0

[Event "Championship Moscow 2015 Seniors rapid"]
[Site "?"]
[Date "2015.11.29"]
[Round "6.13"]
[White "Zavialov, Vladimir"]
[Black "Andreev, Viktor B."]
[Result "0-1"]
[BlackElo "2184"]
[WhiteElo "2046"]
[LiveChessVersion "1.4.6"]

1. d4 {[%clk 0:10:09]} Nf6 {[%clk 0:10:09]} 2. Nf3 {[%clk 0:10:13]} g6
{[%clk 0:10:12]} 3. Bf4 {[%clk 0:10:17]} Bg7 {[%clk 0:10:16]} 4. e3
{[%clk 0:10:20]} O-O {[%clk 0:10:19]} 5. h3 {[%clk 0:10:24]} d6 {[%clk 0:10:23]}
6. Bc4 {[%clk 0:10:27]} Nbd7 {[%clk 0:10:22]} 7. O-O {[%clk 0:10:30]} b6
{[%clk 0:10:17]} 8. c3 {[%clk 0:10:30]} Bb7 {[%clk 0:10:21]} 9. Nbd2
{[%clk 0:10:32]} Re8 {[%clk 0:10:18]} 10. Qe2 {[%clk 0:10:30]} a6
{[%clk 0:10:15]} 11. a4 {[%clk 0:10:33]} e5 {[%clk 0:09:56]} 12. dxe5
{[%clk 0:10:27]} Nxe5 {[%clk 0:09:58]} 13. Bb3 {[%clk 0:10:12]} Qe7
{[%clk 0:09:56]} 14. Bg5 {[%clk 0:09:58]} h6 {[%clk 0:09:56]} 15. Bh4
{[%clk 0:10:01]} Qd7 {[%clk 0:09:43]} 16. Bg3 {[%clk 0:09:44]} Qc6
{[%clk 0:09:36]} 17. Rfd1 {[%clk 0:09:34]} Ne4 {[%clk 0:09:07]} 18. Nxe4
{[%clk 0:08:55]} Qxe4 {[%clk 0:09:10]} 19. Bxe5 {[%clk 0:08:45]} Bxe5
{[%clk 0:08:46]} 20. Bc2 {[%clk 0:08:39]} Qc6 {[%clk 0:08:40]} 21. Bb3
{[%clk 0:08:41]} Qd7 {[%clk 0:08:17]} 22. Bd5 {[%clk 0:08:31]} Bxd5
{[%clk 0:08:15]} 23. Rxd5 {[%clk 0:08:33]} Bg7 {[%clk 0:08:18]} 24. Qd2
{[%clk 0:08:18]} a5 {[%clk 0:07:52]} 25. Qd3 {[%clk 0:08:03]} Re7
{[%clk 0:07:35]} 26. Qc2 {[%clk 0:08:03]} Qc6 {[%clk 0:07:20]} 27. Rad1
{[%clk 0:08:02]} Rae8 {[%clk 0:07:19]} 28. Qb3 {[%clk 0:07:49]} Re4
{[%clk 0:07:14]} 29. Nd2 {[%clk 0:07:25]} Qxa4 {[%clk 0:06:36]} 30. Qxa4 Rxa4
{[%clk 0:06:40]} 31. Kf1 {[%clk 0:06:44]} Re5 {[%clk 0:06:31]} 32. Rd3
{[%clk 0:06:44]} Rb5 {[%clk 0:06:28]} 33. Rb1 {[%clk 0:06:17]} Ra2
{[%clk 0:06:19]} 34. b3 {[%clk 0:06:01]} a4 {[%clk 0:06:01]} 35. b4
{[%clk 0:05:27]} d5 {[%clk 0:05:43]} 36. Ke2 {[%clk 0:04:52]} Rc2
{[%clk 0:05:26]} 37. Ra1 {[%clk 0:04:33]} Rxb4 {[%clk 0:04:30]} 38. cxb4
{[%clk 0:03:55]} Bxa1 {[%clk 0:04:33]} 39. Kd1 {[%clk 0:03:53]} Rb2
{[%clk 0:04:13]} 40. Ra3 {[%clk 0:03:49]} Rxb4 {[%clk 0:04:14]} 41. Rxa1
{[%clk 0:03:52]} c5 {[%clk 0:04:11]} 42. Kc2 {[%clk 0:03:54]} Kf8
{[%clk 0:04:10]} 43. Nb1 {[%clk 0:03:54]} d4 {[%clk 0:03:44]} 44. Nd2
{[%clk 0:03:37]} dxe3 {[%clk 0:03:37]} 45. fxe3 {[%clk 0:03:41]} b5
{[%clk 0:03:33]} 46. Kd3 {[%clk 0:03:31]} Ke7 {[%clk 0:03:28]} 47. Rc1
{[%clk 0:03:08]} a3 {[%clk 0:03:07]} 48. Ra1 {[%clk 0:02:51]} Ra4
{[%clk 0:03:01]} 49. Ne4 {[%clk 0:02:25]} c4+ {[%clk 0:02:56]} 50. Kc3
{[%clk 0:00:59]} b4+ {[%clk 0:02:35]} 51. Kxc4 {[%clk 0:01:02]} b3+
{[%clk 0:02:39]} 52. Kxb3 {[%clk 0:01:06]} Rxe4 {[%clk 0:02:43]} 53. Re1
{[%clk 0:01:11]} Kf6 {[%clk 0:02:39]} 54. Kxa3 {[%clk 0:01:14]} Kg5
{[%clk 0:02:43]} 55. g3 {[%clk 0:01:18]} f5 {[%clk 0:02:43]} 56. Kb3
{[%clk 0:01:21]} h5 {[%clk 0:02:48]} 57. Kc3 {[%clk 0:01:23]} h4 {[%clk 0:02:51]}
58. gxh4+ {[%clk 0:01:17]} Kxh4 {[%clk 0:02:54]} 59. Kd3 {[%clk 0:01:18]} Kxh3
{[%clk 0:02:54]} 60. Rh1+ {[%clk 0:01:07]} Kg2 {[%clk 0:02:52]} 61. Rh6
{[%clk 0:00:57]} Re6 {[%clk 0:02:55]} 62. Kd4 {[%clk 0:00:48]} Kg3
{[%clk 0:02:56]} 63. Kd5 {[%clk 0:00:48]} Ra6 {[%clk 0:02:56]} 64. e4
{[%clk 0:00:39]} fxe4 {[%clk 0:02:57]} 65. Kxe4 {[%clk 0:00:44]} Ra4+
{[%clk 0:02:58]} 66. Ke3 {[%clk 0:00:47]} g5 {[%clk 0:03:01]} 67. Ke2
{[%clk 0:00:50]} Rf4 {[%clk 0:03:04]} 68. Rh8 {[%clk 0:00:50]} g4
{[%clk 0:03:08]} 69. Rh7 {[%clk 0:00:44]} Rf8 {[%clk 0:03:09]} 70. Ra7
{[%clk 0:00:46]} Kg2 {[%clk 0:03:12]} 71. Ke1 {[%clk 0:00:48]} g3
{[%clk 0:03:16]} 72. Rg7 {[%clk 0:00:49]} Kh2 {[%clk 0:03:20]} 73. Rh7+
{[%clk 0:00:53]} Kg1 {[%clk 0:03:23]} 74. Rg7 {[%clk 0:00:56]} g2
{[%clk 0:03:28]} 75. Rg6 {[%clk 0:00:56]} Rf5 {[%clk 0:03:20]} 76. Rg8
{[%clk 0:01:00]} Rf4 {[%clk 0:03:21]} 77. Ke2 {[%clk 0:00:59]} Kh2
{[%clk 0:03:12]} 78. Ke3 {[%clk 0:01:02]} Rf5 {[%clk 0:03:00]} 79. Rh8+
{[%clk 0:00:58]} Kg3 {[%clk 0:03:03]} 80. Rg8+ {[%clk 0:00:55]} Kh2
{[%clk 0:03:07]} 81. Rh8+ {[%clk 0:00:59]} Kg1 {[%clk 0:03:11]} 82. Ke2
{[%clk 0:01:00]} Re5+ {[%clk 0:03:12]} 83. Kf3 {[%clk 0:00:58]} Kf1
{[%clk 0:03:12]} 0-1

[Event "Championship Moscow 2015 Seniors rapid"]
[Site "?"]
[Date "2015.11.29"]
[Round "6.14"]
[White "Vul, Arkadi Eremeevich"]
[Black "Drozdov, Vladimir E."]
[Result "1-0"]
[BlackElo "2008"]
[WhiteElo "2174"]
[LiveChessVersion "1.4.6"]

1. Nf3 {[%clk 0:10:08]} Nf6 2. c4 e6 {[%clk 0:10:03]} 3. Nc3 {[%clk 0:10:17]} d5
4. d4 c6 {[%clk 0:10:08]} 5. e3 {[%clk 0:10:25]} Nbd7 {[%clk 0:10:11]} 6. Bd3
{[%clk 0:10:25]} dxc4 {[%clk 0:09:55]} 7. Bxc4 {[%clk 0:10:29]} b5
{[%clk 0:09:59]} 8. Bd3 {[%clk 0:10:33]} Bb7 {[%clk 0:10:01]} 9. O-O
{[%clk 0:10:22]} a6 {[%clk 0:09:51]} 10. a4 {[%clk 0:10:07]} b4 {[%clk 0:09:47]}
11. Ne4 {[%clk 0:09:43]} c5 {[%clk 0:09:44]} 12. Nxf6+ {[%clk 0:09:39]} Nxf6
{[%clk 0:09:47]} 13. Qe2 {[%clk 0:08:21]} Be7 {[%clk 0:09:43]} 14. Rd1
{[%clk 0:08:17]} cxd4 {[%clk 0:09:12]} 15. Nxd4 {[%clk 0:07:11]} O-O
{[%clk 0:09:07]} 16. Nb3 {[%clk 0:06:41]} Qc7 {[%clk 0:07:41]} 17. e4
{[%clk 0:06:28]} Rfd8 {[%clk 0:07:18]} 18. Bg5 {[%clk 0:05:47]} Qc6
{[%clk 0:05:41]} 19. Na5 {[%clk 0:05:26]} Qb6 {[%clk 0:05:36]} 20. Nxb7
{[%clk 0:05:17]} Qxb7 {[%clk 0:05:39]} 21. Rac1 {[%clk 0:04:06]} a5
{[%clk 0:05:05]} 22. f3 {[%clk 0:04:05]} Rd7 {[%clk 0:04:28]} 23. Be3
{[%clk 0:03:46]} Rad8 {[%clk 0:04:22]} 24. Bb5 {[%clk 0:03:46]} Rxd1+
{[%clk 0:04:21]} 25. Rxd1 {[%clk 0:03:51]} Rxd1+ 26. Qxd1 h6 {[%clk 0:04:13]} 27.
Qd4 {[%clk 0:03:52]} Qc7 {[%clk 0:04:07]} 28. Qa7 {[%clk 0:03:01]} Qd8
{[%clk 0:03:55]} 29. Kf2 {[%clk 0:01:48]} Bf8 {[%clk 0:02:58]} 30. Qb6
{[%clk 0:01:15]} Qc8 {[%clk 0:02:42]} 31. Qxa5 {[%clk 0:01:01]} Qc2+ 32. Be2 Qxb2
33. Qb5 Qa2 {[%clk 0:02:09]} 34. a5 {[%clk 0:01:13]} b3 {[%clk 0:02:12]} 35. Bd4
{[%clk 0:01:10]} Ba3 {[%clk 0:01:28]} 36. a6 {[%clk 0:01:10]} b2 {[%clk 0:01:28]}
37. a7 {[%clk 0:01:10]} b1=Q {[%clk 0:01:28]} 38. a8=Q+ {[%clk 0:01:10]} Bf8
{[%clk 0:01:28]} 1-0

[Event "Championship Moscow 2015 Seniors rapid"]
[Site "?"]
[Date "2015.11.29"]
[Round "6.15"]
[White "Melnik, Viktor"]
[Black "Lazarev, Gennady"]
[Result "1-0"]
[BlackElo "1988"]
[WhiteElo "2131"]
[LiveChessVersion "1.4.6"]

1. e4 {[%clk 0:10:08]} e5 {[%clk 0:10:09]} 2. Nf3 {[%clk 0:10:10]} Nf6
{[%clk 0:10:13]} 3. Nxe5 {[%clk 0:10:12]} d6 {[%clk 0:10:17]} 4. Nf3
{[%clk 0:10:16]} Nxe4 {[%clk 0:10:20]} 5. d4 {[%clk 0:10:20]} d5 {[%clk 0:10:24]}
6. Bd3 {[%clk 0:10:24]} Nc6 {[%clk 0:10:11]} 7. O-O {[%clk 0:10:26]} Be7
{[%clk 0:10:15]} 8. c4 {[%clk 0:10:27]} Nb4 {[%clk 0:10:13]} 9. Be2
{[%clk 0:10:26]} Bf5 {[%clk 0:10:03]} 10. a3 {[%clk 0:10:17]} Nc6
{[%clk 0:09:44]} 11. Nc3 {[%clk 0:10:18]} Nxc3 {[%clk 0:09:27]} 12. bxc3
{[%clk 0:10:22]} dxc4 {[%clk 0:09:20]} 13. Bxc4 {[%clk 0:10:25]} O-O
{[%clk 0:09:21]} 14. d5 {[%clk 0:10:02]} Na5 {[%clk 0:08:51]} 15. Ba2
{[%clk 0:10:05]} Bf6 {[%clk 0:08:31]} 16. Nd4 {[%clk 0:10:07]} Bg6
{[%clk 0:08:21]} 17. Bd2 {[%clk 0:09:56]} Bd3 {[%clk 0:07:07]} 18. Re1
{[%clk 0:09:48]} Bc4 {[%clk 0:07:11]} 19. Bxc4 {[%clk 0:08:49]} Nxc4
{[%clk 0:07:14]} 20. Bf4 {[%clk 0:08:53]} Qxd5 {[%clk 0:06:52]} 21. Bxc7
{[%clk 0:08:56]} Rac8 {[%clk 0:06:22]} 22. Bg3 {[%clk 0:08:12]} Rfd8
{[%clk 0:06:22]} 23. a4 {[%clk 0:07:42]} Bxd4 {[%clk 0:05:55]} 24. cxd4
{[%clk 0:07:46]} Qxd4 {[%clk 0:05:15]} 25. Re8+ {[%clk 0:07:49]} Rxe8
{[%clk 0:04:55]} 26. Qxd4 {[%clk 0:07:53]} Nb6 {[%clk 0:03:54]} 27. a5
{[%clk 0:07:45]} Rcd8 {[%clk 0:03:49]} 28. Qb4 {[%clk 0:07:42]} Nd5
{[%clk 0:03:07]} 29. Qxb7 {[%clk 0:07:45]} Nc3 {[%clk 0:03:11]} 30. h3
{[%clk 0:07:41]} Ne2+ {[%clk 0:03:06]} 31. Kh2 {[%clk 0:07:45]} Nxg3
{[%clk 0:03:09]} 32. Kxg3 {[%clk 0:07:41]} 1-0

[Event "Championship Moscow 2015 Seniors rapid"]
[Site "?"]
[Date "2015.11.29"]
[Round "6.16"]
[White "Dragomarezkij, Evgeni"]
[Black "Kondratiev, Vissarion L."]
[Result "1-0"]
[BlackElo "1989"]
[WhiteElo "2431"]
[LiveChessVersion "1.4.6"]

1. c4 {[%clk 0:10:03]} c5 {[%clk 0:10:05]} 2. Nf3 {[%clk 0:10:07]} Nf6
{[%clk 0:10:06]} 3. Nc3 {[%clk 0:10:11]} Nc6 {[%clk 0:10:08]} 4. d4
{[%clk 0:10:15]} d5 {[%clk 0:10:09]} 5. cxd5 {[%clk 0:09:41]} Nxd5
{[%clk 0:10:07]} 6. e3 {[%clk 0:09:39]} e6 {[%clk 0:09:58]} 7. Bc4
{[%clk 0:09:39]} Be7 {[%clk 0:09:15]} 8. Bxd5 {[%clk 0:09:42]} exd5
{[%clk 0:09:13]} 9. dxc5 {[%clk 0:09:41]} Be6 {[%clk 0:09:12]} 10. Na4
{[%clk 0:09:42]} Bxc5 {[%clk 0:09:00]} 11. Nxc5 {[%clk 0:09:44]} Qa5+
{[%clk 0:09:04]} 12. Bd2 {[%clk 0:09:46]} Qxc5 {[%clk 0:09:06]} 13. Rc1
{[%clk 0:09:14]} Qb5 {[%clk 0:08:29]} 14. Bc3 {[%clk 0:09:14]} O-O
{[%clk 0:08:29]} 15. Qe2 {[%clk 0:09:09]} Qxe2+ 16. Kxe2 {[%clk 0:09:13]} Rfc8
{[%clk 0:07:43]} 17. a3 {[%clk 0:08:40]} a5 {[%clk 0:06:39]} 18. h3
{[%clk 0:08:20]} b5 {[%clk 0:06:41]} 19. Bd4 {[%clk 0:08:22]} b4 {[%clk 0:06:07]}
20. a4 {[%clk 0:08:25]} f6 {[%clk 0:05:33]} 21. b3 {[%clk 0:08:12]} Kf7
{[%clk 0:05:35]} 22. Kd2 {[%clk 0:07:49]} Bf5 {[%clk 0:05:05]} 23. Rhd1
{[%clk 0:07:29]} Be4 {[%clk 0:05:03]} 24. Ne1 {[%clk 0:07:32]} Nxd4
{[%clk 0:04:49]} 25. exd4 {[%clk 0:07:35]} Ke6 {[%clk 0:04:47]} 26. f3
{[%clk 0:07:24]} Bg6 {[%clk 0:04:50]} 27. g4 {[%clk 0:07:13]} h5 {[%clk 0:04:24]}
28. Ng2 {[%clk 0:07:17]} hxg4 {[%clk 0:04:12]} 29. hxg4 {[%clk 0:07:18]} Kd6
{[%clk 0:03:58]} 30. Nf4 {[%clk 0:07:22]} Bf7 {[%clk 0:04:01]} 31. Nd3
{[%clk 0:07:24]} Rh8 {[%clk 0:03:02]} 32. Rh1 {[%clk 0:07:26]} Bg6
{[%clk 0:02:42]} 33. Nc5 {[%clk 0:07:27]} f5 {[%clk 0:02:09]} 34. Nb7+
{[%clk 0:07:13]} Kd7 {[%clk 0:02:07]} 35. Rxh8 {[%clk 0:07:05]} Rxh8
{[%clk 0:02:09]} 36. gxf5 {[%clk 0:06:59]} Bxf5 {[%clk 0:02:10]} 37. Nxa5
{[%clk 0:07:01]} Rh2+ {[%clk 0:01:48]} 38. Ke3 {[%clk 0:07:03]} Rb2
{[%clk 0:01:40]} 39. Rc5 {[%clk 0:07:00]} Ke6 {[%clk 0:01:25]} 40. Rb5
{[%clk 0:07:02]} Rb1 {[%clk 0:00:50]} 41. Rb6+ {[%clk 0:07:06]} Kf7
{[%clk 0:00:46]} 42. Kf4 {[%clk 0:07:00]} Bc2 {[%clk 0:00:43]} 43. Rxb4
{[%clk 0:07:03]} Rf1 {[%clk 0:00:39]} 44. Rb7+ {[%clk 0:07:02]} Kf6
{[%clk 0:00:34]} 45. Rb6+ {[%clk 0:07:05]} Kf7 {[%clk 0:00:32]} 46. Nc6
{[%clk 0:06:56]} Rd1 {[%clk 0:00:06]} 47. a5 {[%clk 0:06:56]} Ke8
{[%clk 0:00:00]} 48. a6 {[%clk 0:06:49]} 1-0

[Event "Championship Moscow 2015 Seniors rapid"]
[Site "?"]
[Date "2015.11.29"]
[Round "6.17"]
[White "Zverkhovski, Vladimir"]
[Black "Chernov, Yury"]
[Result "0-1"]
[BlackElo "2165"]
[WhiteElo "1939"]
[LiveChessVersion "1.4.6"]

1. d4 {[%clk 0:10:08]} d5 {[%clk 0:10:09]} 2. Nf3 {[%clk 0:10:09]} Nf6
{[%clk 0:10:11]} 3. Bf4 {[%clk 0:10:12]} c5 {[%clk 0:10:03]} 4. dxc5
{[%clk 0:09:54]} Qa5+ {[%clk 0:09:59]} 5. c3 {[%clk 0:09:55]} Qxc5
{[%clk 0:09:58]} 6. Nbd2 {[%clk 0:09:53]} Nc6 {[%clk 0:09:49]} 7. Nb3
{[%clk 0:09:56]} Qb6 {[%clk 0:09:50]} 8. e3 {[%clk 0:09:51]} Bg4 {[%clk 0:09:45]}
9. Be2 {[%clk 0:09:55]} e6 {[%clk 0:09:47]} 10. Nfd4 {[%clk 0:09:56]} Bxe2
{[%clk 0:09:40]} 11. Qxe2 {[%clk 0:09:59]} Be7 {[%clk 0:09:41]} 12. Qb5
{[%clk 0:09:40]} Qxb5 {[%clk 0:09:02]} 13. Nxb5 {[%clk 0:09:44]} O-O
{[%clk 0:08:52]} 14. Bd6 {[%clk 0:09:20]} a6 {[%clk 0:08:30]} 15. Bxe7
{[%clk 0:09:23]} Nxe7 {[%clk 0:08:27]} 16. N5d4 {[%clk 0:09:24]} Rfc8
{[%clk 0:07:30]} 17. O-O {[%clk 0:09:22]} Rc7 {[%clk 0:07:20]} 18. Rfd1
{[%clk 0:09:21]} Rac8 {[%clk 0:07:21]} 19. h3 {[%clk 0:08:53]} Ng6
{[%clk 0:07:12]} 20. Nf3 {[%clk 0:08:56]} Ne4 {[%clk 0:07:02]} 21. Rd4
{[%clk 0:08:33]} Kf8 {[%clk 0:06:53]} 22. Rb4 {[%clk 0:07:28]} Nd6
{[%clk 0:06:08]} 23. Nbd2 {[%clk 0:07:20]} Ne7 {[%clk 0:05:37]} 24. a4
{[%clk 0:06:51]} Nc6 {[%clk 0:05:30]} 25. Rb6 {[%clk 0:06:55]} Rd8
{[%clk 0:05:03]} 26. Nd4 {[%clk 0:06:52]} Ne5 {[%clk 0:04:53]} 27. Rb3
{[%clk 0:06:12]} Ke7 {[%clk 0:04:45]} 28. Kf1 {[%clk 0:06:16]} Nd3
{[%clk 0:04:33]} 29. Ke2 {[%clk 0:06:07]} Nc5 {[%clk 0:04:28]} 30. Rba3
{[%clk 0:05:55]} Rdc8 {[%clk 0:04:03]} 31. R3a2 {[%clk 0:05:16]} h6
{[%clk 0:03:58]} 32. f3 {[%clk 0:05:20]} e5 {[%clk 0:03:39]} 33. N4b3
{[%clk 0:05:14]} Ne6 {[%clk 0:03:35]} 34. Rd1 {[%clk 0:05:07]} Rd8
{[%clk 0:03:20]} 35. Raa1 {[%clk 0:04:03]} f5 {[%clk 0:03:17]} 36. Kf2
{[%clk 0:03:58]} g5 {[%clk 0:03:20]} 37. g3 {[%clk 0:03:54]} b6 {[%clk 0:03:11]}
38. e4 {[%clk 0:03:26]} dxe4 {[%clk 0:03:05]} 39. fxe4 {[%clk 0:03:29]} f4
{[%clk 0:02:55]} 40. gxf4 {[%clk 0:03:27]} exf4 {[%clk 0:02:50]} 41. Nd4
{[%clk 0:02:56]} Nxd4 {[%clk 0:02:44]} 42. cxd4 {[%clk 0:03:00]} Rc2
{[%clk 0:02:41]} 43. Kf3 {[%clk 0:02:46]} Rxb2 {[%clk 0:02:37]} 44. Rac1
{[%clk 0:02:42]} Rb4 {[%clk 0:02:29]} 45. d5 {[%clk 0:02:16]} Nf7
{[%clk 0:02:23]} 46. Nc4 {[%clk 0:02:11]} Rxc4 {[%clk 0:02:25]} 0-1